000 00937nam a2200265Ia 4500
003 OSt
005 20220930092633.0
006 a|||||r|||| 00| 0
007 ta
008 220926b |||||||| |||| 00| 0 eng d
024 _a23495
037 _cTheses
040 _aCRL
_cCRL
_beng
041 _2eng
_aeng
100 _aKaushik M. R.
_9549346
110 _aUniversity Of Delhi. Faculty Of Medical Sciences. Department Of Medicine
245 0 _aProspective evaluation of the bedside index for severity in acute pancreatitis (bisap) score in assessing severity and outcome in acute pancreatitis
260 _c2014
650 _aMEDICINE
700 _a Dr. A. K. Nagpal Gu.
_9549347
700 _a Dr. Rajat Shukla Gu.
_9549348
700 _aUniversity Of Delhi. Faculty Of Medical Sciences. Department Of Medicine
942 _cDIS
_2CC
999 _c884084
_d884084